Länder, die Lettland am nächsten liegen - Statistiken

Allgemein
  • Dieses Quiz wurde 145 mal gespielt
  • Das Durchschnittsergebnis liegt bei 19 aus 20
Antwortstatistiken
km Land % Korrekt
190 Polen
100%
0 Russland
100%
0 Estland
99%
0 Litauen
99%
0 Belarus
98%
497 Deutschland
98%
144 Schweden
98%
467 Ukraine
98%
213 Finnland
97%
677 Tschechien
97%
599 Norwegen
96%
385 Dänemark
94%
726 Slowakei
94%
833 Ungarn
93%
824 Rumänien
88%
862 Österreich
86%
1073 Slowenien
84%
808 Moldawien
83%
1102 Serbien
82%
942 Niederlande
73%
Keine übereinstimmenden Quizze gefunden
Verteilung der Resultate
Anzahl Personen mit jedem Resultat
Perzentil nach korrekt beantworteten Fragen
Ihre Resultats-Entwicklung
Sie haben dieses Quiz noch nicht gespielt